Premier League Appearances by Nationality: Gabon - Statistics

General Stats
  • This quiz has been taken 7 times
  • The average score is 2 of 5
Answer Stats
Appearances Player % Correct
143 Pierre-Emerick Aubameyang
100%
145 Mario Lemina
50%
38 Bruce Ecuele Manga
0%
30 Daniel Cousin
0%
31 Didier Ndong
0%
No matching quizzes found
Score Distribution
Percent of People with Each Score
Percentile by Number Answered
Your Score History
You have not taken this quiz